000 00187 a2200097 4500
020 _a9780785265801
041 _aeng
100 _aCharles Stanley
245 _aEnter his Gates
942 _cK
999 _c26893
_d26893